[Event "Bundesliga 0304"]
[Site "Germany"]
[Date "2004.03.27"]
[Round "12.1"]
[White "Lutz, Christopher"]
[Black "Dautov, Rustem"]
[Result "1/2-1/2"]
[WhiteElo "2613"]
[BlackElo "2610"]
[Annotator "Dautov,R"]
[PlyCount "139"]
[EventDate "2003.11.01"]
[EventType "team-tourn"]
[EventRounds "15"]
[EventCountry "GER"]
[SourceTitle "CBM 100"]
[Source "ChessBase"]
[SourceDate "2004.06.01"]
[SourceVersion "1"]
[SourceVersionDate "2004.06.01"]
[SourceQuality "1"]
[WhiteTeam "Porz"]
[BlackTeam "Baden Oos"]
[WhiteTeamCountry "GER"]
[BlackTeamCountry "GER"]

1. e4 e5 2. Nf3 Nf6 3. Nxe5 d6 4. Nf3 Nxe4 5. d4 d5 6. Bd3 Be7 7. O-O Nc6 8. c4
Nf6 9. h3 Nb4 10. Be2 dxc4 11. Bxc4 O-O 12. Nc3 c6 13. Bg5 Nbd5 14. Re1 Be6 15.
Qb3 Rb8 16. Rad1 (16. Bh4 h6 17. Bg3 Bd6 18. Be5 Nc7 $6 (18... Nxc3 $1) 19.
Bxe6 Nxe6 20. Rad1 $14 {Kramnik,V-Dautov,R/Brissago sim 2004}) 16... Re8 17.
Bh4 h6 18. Bg3 $146 {Eine naheliegende Neuerung. Wie bereits Kramnik überführt
Lutz seinen Läufer nach e5.} (18. Ne5 Qb6 19. Qxb6 axb6 20. Bxf6 Bxf6 21. Nxd5
cxd5 22. Bb3 g5 $11 {Leko,P-Kramnik,V/ROW - Russia (rapid) 2002}) 18... Bd6 19.
Be5 Nxc3 $1 {Diese Entlastung im Zentrum ist der sicherste Weg zum Ausgleich.}
20. bxc3 (20. Bxe6 $6 Ne2+ $1 21. Rxe2 Rxe6 $11) 20... Bxc4 {Möglicherweise
war 20...Nd5!? am besten, denn nach dem Textzug kann Weiß etwas Druck behalten.
} (20... Nd5 $5 {/\ 21...b5} 21. Qc2 $1 (21. a4 a6 22. Bxd6 Qxd6 23. a5 b5 24.
axb6 Rxb6 25. Qc2 Reb8 $11) (21. Qb2 b5 $11) 21... b5 22. Bd3 a6 $11) 21. Qxc4
Nd5 22. Qb3 b5 23. c4 bxc4 24. Qxc4 {Die Stellungsbewertung liegt irgendwo im
Bereich +/=/=. Der schwarze Springer steht schön, aber nicht effektiv, während
sein weißer Widersacher stets bereit ist, von e5 den schwachen Bauern c6
anzugreifen.} Re6 {Deckt auf aktive Weise die Schwäche c6. Weniger gefiel mir
das passive Rc8-c7.} (24... Rc8 25. Bxd6 Rxe1+ 26. Rxe1 Qxd6 27. Ne5 Rc7 28.
Nd3 $14) 25. Rc1 Rb6 26. Bxd6 Rxd6 {Der Turmabtausch hätte die Stellung
vereinfacht, aber ich wollte den Bauern d4 im Blick behalten.} (26... Qxd6 27.
Rxe6 Qxe6 28. Ne5 Ne7 $1 29. Qxe6 (29. Qa4 $14 a6 30. Qa5 Nd5 $11) 29... fxe6
30. Rc4 Ra6 31. a4 Nd5 32. Nxc6 Nb6 $11) 27. Re4 $1 {Ein starker Zug. Das
Einbruchsfeld e8 im Visier, plant Christopher die Turmverdopplung auf der
e-Linie.} Nf6 $2 {Hier verlor ich den Faden. Der Rückzug des Springers auf ein
ungünstiges Feld bringt Schwarz in eine passive Stellung. Stattdessen war 27...
Nc7! mit der Absicht Ne6 mehr im Sinne des vorherigen Spiels. Schwarz hätte es
damit als Erster geschafft, den gegnerischen Zentrumsbauern anzugreifen und
stünde dementsprechend nicht schlechter.} (27... Nc7 $1 28. Rce1 Ne6 29. Qa4 a6
30. Qc4 Qf6 $11) 28. Re2 $14 Rb7 {Ein weiterer Rückzug, das Einbruchsfeld e7
muß ebenfalls überdeckt werden.} (28... Rd7 29. Ne5 Rc7 30. Qa4 Qd5 31. Rec2
$16) (28... Qb8 29. Rce1 Rb1 30. Ne5 Re6 31. Rxb1 Qxb1+ 32. Kh2 Qb5 33. Rc2 $16
) 29. Qc5 Rb6 $6 {Es wäre klüger, sich passiv zu verhalten -29...Rc7!.} (29...
Rc7 $1 $14) 30. Rce1 Rd5 (30... Rb7 31. Ne5 Rc7 32. Ng4 $5 Rxd4 33. Qc2 $1 Rc8
34. Nxf6+ gxf6 35. Re7 $44) 31. Qc4 a5 $2 {Verschafft dem Gegner lediglich ein
neues Angriffsobjekt, den a-Bauern.} ({Richtig war} 31... Rd7 32. Ne5 Rc7 33.
Qa4 Qd5 $14) 32. Qc3 $2 {Lutz nutzt nicht seine Chance. Die Zeit war reif für
33.Ne5!} (32. Re7 Kf8 33. Ra7 (33. Qe2 Rd7) 33... Qb8 34. Ra6 Kg8 $14) (32. Ne5
$1 $16 Qc7 (32... Qd6 33. Qc2 $1 $16 {Mit der Drohung 34.Ng4.}) 33. Rc2 Rd6 34.
Qc5 Rd5 35. Qc3 $16) 32... Rdb5 $1 {Nun ist Schwarz wieder im Geschäft, aber
in Zeitnot schaffe ich es erneut, meine Stellung zu ruinieren.} 33. Re5 (33.
Ne5 Qd5 34. Nc4 Ra6 $14) 33... a4 $138 34. Qc2 a3 35. Qd3 Rxe5 $2 {Dieser
Fehler aktiviert den weißen Springer. Nach 35...Qf8! wäre die schwarze
Stellung nicht mehr in Gefahr.} (35... Qf8 $1 36. R5e3 Ra5 37. Ne5 Ra8 $14) 36.
Nxe5 Qd6 $2 {Laut FRITZ hielt einzig das Bauernopfer 36...Rb2! die Stellung.} (
36... Qf8 37. Rc1 Rb2 38. Rxc6 Rxa2 39. Qc4 Rb2 40. Rc8 Ne8 41. Ra8 $16) (36...
Rb2 $1 37. Nxc6 Qd6 38. Ne7+ Kh8 39. Qc4 Rd2 40. Qxf7 Qxd4 $14) 37. Nc4 Qb4 38.
Rc1 Ra6 $2 (38... Rb8 $1 39. Nxa3 (39. Qxa3 Qxa3 40. Nxa3 Ra8 41. Nc2 Rxa2 42.
Nb4 Rd2 43. Nxc6 Ne4 44. f3 Ng3 $14) 39... Ra8 40. Nc4 (40. Rxc6 Qe1+ 41. Kh2
Qxf2 $14) 40... Rxa2 41. Rb1 Qf8 42. Ne5 $16) 39. Rb1 $1 Qf8 40. Rb7 $18 Ra8
41. Ne5 {Die Zeitkontrolle wurde geschafft, aber die schwarze Stellung ist
aufgabereif. Es zeichnete sich bald ab, daß Christopher diese Partie gewinnen
muß, um den Matchsieg der Porzer gegen Baden Oos zu sichern. Dieser
psychologische Druck wurde ihm offenbar zum Verhängnis.} Ne8 42. Rxf7 $2 {
Wahrscheinlich hätte Christopher in einer Einzelpartie 42.Nxf7! gespielt und
rasch gewonnen. Auch in den nächsten Zügen verpaßt er mehrere konkrete
Gewinnmöglichkeiten.} (42. Nxf7 $1 Nd6 43. Nxh6+ Kh8 44. Rd7 Re8 45. Qxa3 (45.
Ng4 $6 Re1+ 46. Kh2 Ne4 $132) 45... Qf4 46. Qg3 $18) 42... Qd6 43. Rb7 (43. Qb3
$1 Kh7 (43... Qd5 44. Qb7 $1 Rd8 45. Qe7 $18) 44. Rd7 $18) 43... Qd5 44. Qc2 $2
(44. Qb3 $1 Qxb3 (44... Nd6 45. Nxc6 Qxb3 46. Rxb3 $18) 45. Rxb3 $18) 44... c5
$6 (44... Qxd4 $142) 45. Rd7 Qe6 46. f4 $2 (46. Qe4 $1 Ra4 (46... Rb8 47. d5
$18) 47. Qb7 $1 Rxd4 48. Re7 $18) 46... cxd4 47. Rxd4 Rb8 48. Kh2 Nf6 (48...
Rb2 $2 49. Qa4 Rxa2 50. Rd8 $18) 49. Qd2 Qf5 50. Qd3 (50. Ra4 $1 Rb2 51. Qc3
Nd5 52. Qg3 Rxa2 53. Ra8+ Kh7 54. Ra7 $18) 50... Qxd3 51. Rxd3 Ra8 52. g4 (52.
f5 $5) (52. Kg3 $5) 52... g5 $1 53. fxg5 (53. f5 Re8 54. Nc4 Re2+ 55. Kg3 Rxa2
56. Rxa3 Rxa3+ 57. Nxa3 Kh7 $16 {/\h5}) (53. Kg3 $5) 53... hxg5 54. Nc4 $2 $138
{Eine Fehlentscheidung in Zeitnot. Die Eroberung des zweiten Bauern ist
eindeutig falsch, denn der passive schwarze Turm erwacht zum Leben. Da das
reine Turmendspiel für Weiß leicht gewonnen ist, dürfte der Gewinn in der
Partiestellung ebenfalls möglich sein. Das kombinierte Spiel gegen die beiden
Schwächen a3 und g5 sollte Weiß zum Erfolg führen.} (54. Kg3 $1 Ne4+ $1 (54...
Ra5 55. Nd7 Kg7 (55... Ne4+ 56. Kf3 Ra4 57. Nb6 Rb4 58. Rxa3 $18) 56. Nxf6 Kxf6
57. Re3 Ra4 58. Kf3 $18 {/\Ke2-d2-c2-b3}) 55. Kf3 Ra4 56. Ke3 Kg7 57. Nf3 Kf6
58. Rb3 Nd6 59. Rc3 Ne4 60. Rc6+ Kf7 61. Nd4 Nf6 62. Rc5 Kg6 63. Kd3 Nd7 64.
Rc6+ Nf6 65. Nf3 Ra5 66. Kc4 $18) 54... Ra4 $1 55. Nxa3 $2 Kf7 $14 56. Kg2 Ke6
$138 57. Kf2 Nd5 58. Ke1 Nf4 {Noch einfacher war 58...Nb4!.} (58... Nb4 $1 59.
Re3+ Kf6 60. Kd2 Nxa2 61. Kc2 Rf4 $11 (61... Nb4+ 62. Kb3 Nd5 $11)) 59. Re3+
Kf6 60. Kd2 (60. Kf2 Nd5 61. Rf3+ Kg6 $11 {/\Nb4}) 60... Ra8 $1 {Der Bauer h3
fällt, und das resultierende Springerendspiel ist remislich.} 61. Kc2 Rh8 62.
Nb5 (62. Nc4 Rxh3 63. Rxh3 Nxh3 64. a4 Ke6 $11) 62... Rxh3 63. Rxh3 Nxh3 64. a4
Ke7 65. Kb3 Nf2 66. a5 Kd7 67. Ka4 Nxg4 68. a6 Kc8 69. Nd6+ Kb8 70. Ne4 1/2-1/2

[Event "GER-Kramnik"]
[Site "Brissago"]
[Date "2004.01.29"]
[Round "?"]
[White "Kramnik, Vladimir"]
[Black "Dautov, Rustem"]
[Result "1/2-1/2"]
[WhiteElo "2777"]
[BlackElo "2616"]
[Annotator "Dautov,R"]
[PlyCount "59"]
[EventDate "2004.01.29"]
[EventType "match"]
[EventRounds "1"]
[EventCountry "SUI"]
[SourceTitle "CBM 100"]
[Source "ChessBase"]
[SourceDate "2004.06.01"]
[SourceVersion "1"]
[SourceVersionDate "2004.06.01"]
[SourceQuality "1"]

1. e4 {Huzman} e5 2. Nf3 Nf6 3. Nxe5 d6 4. Nf3 Nxe4 5. d4 d5 6. Bd3 Nc6 7. O-O
Be7 8. c4 Nf6 {Eine solide alte Fortsetzung, heutzutage wird meistens 8...Nb4
gespielt.} (8... Nb4 9. Be2 O-O) 9. Nc3 O-O 10. h3 Nb4 11. Be2 dxc4 12. Bxc4 c6
13. Re1 Nbd5 14. Bg5 Be6 15. Qb3 Rb8 {Eine wichtige Stellung in der der
Variante 8...Nf6. Weiß steht aktiv, dafür ist die schwarze Stellung sehr fest.}
16. Bh4 $5 $146 {Ein neuer Zug. Weiß droht Nf3-g5 und plant gleichzeitig die
Überführung des Läufer nach e5.} (16. Rad1 Re8 17. Bh4 h6 18. Ne5 (18. Bg3 {
Huzman} Bd6 19. Be5 Nxc3 20. bxc3 Bxc4 21. Qxc4 Nd5 22. Qb3 b5 $11 {1/2-1/2
Lutz,C-Dautov,R/Baden Oos GER 2004/(70)}) 18... Qb6 {'!' Huzman.} 19. Qxb6 axb6
20. Bxf6 Bxf6 21. Nxd5 cxd5 $11 {Leko,P-Kramnik,V/RUS-The World rapid 2002} 22.
Bb3 {Huzman} g5 23. Ng4 $11 {1/2-1/2 Leko,P-Kramnik,V/Moscow 2002/CBM 91/
[Huzman] (34)}) (16. Rac1 Nc7 $11 17. Bxe6 {Huzman} Nxe6 18. Bh4 Nf4 19. Rcd1
N4d5 $11 {1/2-1/2 Matulovic,M-Kurajica,B/Umag 1972/MCD (42)}) (16. Ne5 Re8 17.
Rad1 {Huzman} Qd6 18. Bh4 (18. Bxf6 Bxf6 19. Ne4 Qd8 20. Nc5 Qd6 21. Qf3 Bxe5
22. Rxe5 Nc7 23. Bxe6 Nxe6 24. Qg3 h6 25. Ne4 Qe7 $11 {1/2-1/2 Tsvetkov,
A-Gottardi,G/Memorial Konstantinopolsky (corr.), cor 1997 (33)}) 18... Qb4 19.
Qc2 Rbd8 20. Bd3 h6 $11 {1-0 Hulak,K-Toth,B/Budva 1981/MCD (32)}) (16. Nxd5
Bxd5 (16... cxd5 {Huzman} 17. Bd3 h6 18. Bf4 Bd6 19. Be5 Ne4 20. Rac1 Qa5 21.
Bxd6 Nxd6 22. Qc3 Qxc3 23. Rxc3 Rbc8 24. Ne5 Rxc3 25. bxc3 Rc8 26. Rc1 b5 27.
Rc2 {1/2-1/2 De Groot,A-Daw,G/WT/M\532 1991 (27)}) 17. Bxd5 (17. Bxf6 Bxf6 18.
Bxd5 Qxd5 19. Qxd5 cxd5 $11) 17... Nxd5 18. Bxe7 Nxe7 19. Qa3 Nc8 $11) 16... h6
{Diese Antwort ist naheliegend, aber in Frage kam auch die sofortige
Entlastung in Zentrum mittels 16...Nxc3.} (16... Re8 17. Ng5 $14) (16... Nxc3
$5 17. bxc3 (17. Bxe6 Ncd5 18. Bf5 Qb6 $11) 17... Bxc4 18. Qxc4 Re8 19. Re2 b5
20. Qb3 Nd5 21. Rae1 f6 22. Bg3 (22. c4 bxc4 23. Qxc4 Qd7 $11) 22... Rc8 23. a4
a6 24. c4 bxc4 25. Qxc4 a5 26. Re6 Qd7 27. Qe2 Kf8 $11) 17. Bg3 Bd6 18. Be5 {
Weiß droht nun 19.Bxf6.} Nc7 $2 {Spätestens hier müßte ich auf c3 zugreifen,
mit einer etwa ausgeglichenen Stellung. Der fehlerhafte Textzug gibt die
Kontrolle über das wichtige Feld d5 auf und verhilft Weiß zu einem kleinen,
aber langfristigen Vorteil.} (18... b5 $6 19. Bxd5 Nxd5 20. Bxd6 Qxd6 21. Ne4
Qc7 22. Nc5 $16) (18... Nxc3 $1 19. Bxe6 (19. bxc3 Bxc4 20. Qxc4 Nd5 21. Qb3 b5
$11) 19... Ncd5 20. Bf5 Re8 21. Rad1 Qc7 $11) (18... Bxe5 $5 {Huzman} 19. dxe5
$140 (19. Nxe5 Re8 $1 (19... Nc7 20. Bxe6 Nxe6 21. Nxf7 Nxd4 (21... Rxf7 22.
Rxe6 Qxd4 23. Re7 Nd5 24. Rxf7 Kxf7 25. Rd1 $16) 22. Nxd8+ Nxb3 23. axb3 Rfxd8
24. Rxa7 Rd2 25. Re7 Rxb2 26. Raxb7 Rxb7 27. Rxb7 $16) 20. Rad1 Nc7 21. Bxe6
Rxe6 $11) (19. Rxe5 Nd7 20. Ree1 N7b6 $11) 19... b5 20. Bxd5 (20. Bf1 Ne3 $1
$19) (20. Nxd5 Nxd5 21. Be2 Qb6 22. Rad1 Rbd8 23. Nd4 Nf4 $11) (20. exf6 bxc4
21. Qxc4 Nxf6 22. Qe2 Bd5 $11) 20... Nxd5 21. Ne4 Qb6 22. Rac1 Rbd8 23. Nc5 Nc7
$1 24. Qc2 Bd5 25. Nh4 $14 {[%cal Gh4f5]}) 19. Bxe6 (19. Re2 {Huzman} Bxc4 20.
Qxc4 Re8 21. Rae1 Ncd5 $14 {/=}) 19... Nxe6 20. Rad1 $14 {Mit der klaren
Absicht d4-d5.} Nf4 {Schwarz hat nicht viele Möglichkeiten, den unangenehmen
Vorstoß d4-d5 zu verhindern. Die Alternative 20...Nc7 gefiel mir nicht wegen
21. Nh4! nebst Nf5.} (20... Re8 $6 21. d5 cxd5 22. Nxd5 Bxe5 23. Nxe5 Nxd5 24.
Rxd5 $36 Qc8 $14 {Huzman}) (20... Nc7 21. Nh4 $1 Nfd5 22. Nf5 Bxe5 23. dxe5 {
'+/-' Huzman.} Qg5 24. Nxd5 Nxd5 25. Qf3 $14) 21. Bxf4 {Eine verlockende Idee:
Kramnik will den schwarzen Läufer auf f4 "fangen" und zum Tausch auf e5
zwingen. Nicht weniger gut war jedoch die Alternative 21. Qa4!?} (21. Nh4 $6
N6h5 $11) ({Huzman: White missed opportunity to create pawns weaknesses due to
resistance Qa4-Bf4.} 21. Qa4 $5 {'!' Huzman.} a6 22. Bxf4 Bxf4 23. d5 {'!'
Huzman.} Qc7 24. dxc6 bxc6 25. b3 (25. Ne4 $14 {[%csl Ra6,Rc6] Huzman}) 25...
a5 26. Qc4 $14 {Dank der Schwächen a5 und c6 hat Weiß einen langfristigen
Vorteil}) 21... Bxf4 22. Ne5 Qc7 {Außer 23.g3 beabsichtigte Weiß den
Qualitätsgewinn 23.Ng6. Die Alternative 22...Nd5 führte zu einer passiven und
schlechteren Stellung.} (22... Nd5 23. Nxd5 cxd5 24. g3 $1 Bxe5 (24... Bg5 25.
h4 Bf6 26. Ng4 $16 {/\Ne3}) 25. Rxe5 Qd7 26. Kg2 Rfd8 27. Rde1 $14) 23. Qc2 $6
{Nach dieser Ungenauigkeit kann ich die Stellung endgültig ausgleichen.
Prinzipiell und stark war 23.g3!} (23. Ng6 $2 Bh2+ 24. Kh1 Rfe8 25. g3 Bxg3 26.
fxg3 Rxe1+ 27. Rxe1 Qxg3 $15) (23. g3 $1 Bxe5 24. dxe5 Nd7 25. f4 (25. e6 Nc5
26. exf7+ Qxf7 $11) 25... Nc5 $1 (25... Qb6+ $6 26. Qxb6 Nxb6 27. Kf2 $16) 26.
Qc4 $1 $14 {Weiß steht mit seinen aktiven Figuren und dem starkem Bauernduo e5
und f4 ohne Zweifel besser.} (26. Qc2 Qb6 27. Qf2 Rbd8 $11) 26... Qb6 27. Kh1
Ne6 $5 (27... a5 $5 {/\Qb4} 28. a3 $14) (27... Rbd8 28. f5 $14) 28. f5 (28. Qe2
Rbd8 29. Ne4 Nd4 30. Qf2 Rd5 $132) (28. b3 $6 Qf2 29. Ne4 Qf3+ 30. Kh2 Rbd8
$132) 28... Ng5 29. Kg2 Qxb2+ (29... Rbd8 30. h4 Nh7 $14) 30. Re2 Qa3 31. h4
Nh7 32. Rd7 $36) 23... Rbd8 $11 24. Qf5 Bxe5 25. dxe5 Nd5 {In dieser Stellung
ließ Kramnik seine Uhr 40 Minuten laufen. Er konnte sich das leisten, denn
sein Zeitvorteil war erheblich. Nach Klarheit an den anderen Brettern suchend,
wollte sich Vladimir die Möglichkeit offen lassen, mit 26.Ne4 auf Gewinn zu
spielen.} 26. Nxd5 {Hier beschloß er, Remis zu forcieren, denn sein Vorteil
gegen R. Hübner wurde zu diesem Zeitpunkt offensichtlich.} ({Den Gewinnversuch
26.Ne4 braucht Schwarz nicht zu befürchten:} 26. Ne4 $5 Ne7 27. Qh5 Qa5 $1 (
27... Rxd1 28. Rxd1 Rd8 $2 29. Rxd8+ Qxd8 30. Nd6 Ng6 31. Nxf7 $1 $16) 28. a3 (
28. Nd6 $4 Rxd6 $19) (28. f4 Qb6+ 29. Kh2 Rxd1 30. Rxd1 Qxb2 $15) 28... Ng6 $15
) 26... Rxd5 27. Rxd5 cxd5 28. e6 Rd8 $1 (28... fxe6 29. Qxe6+ Qf7 30. Qxf7+
Kxf7 31. Rc1 Re8 $11) 29. e7 Re8 30. Qxd5 1/2-1/2

[Event "Dortmund SuperGM 24th"]
[Site "Dortmund"]
[Date "1996.07.06"]
[Round "2"]
[White "Adams, Michael"]
[Black "Huebner, Robert"]
[Result "1/2-1/2"]
[WhiteElo "2685"]
[BlackElo "2595"]
[Annotator "Dolmatov,S"]
[PlyCount "103"]
[EventDate "1996.07.05"]
[EventType "tourn"]
[EventRounds "9"]
[EventCountry "GER"]
[EventCategory "18"]
[SourceTitle "CBM 054"]
[Source "ChessBase"]
[SourceDate "1996.10.01"]
[SourceVersion "1"]
[SourceVersionDate "1996.10.01"]
[SourceQuality "1"]

1. e4 e5 2. Nf3 Nf6 3. Nc3 Bb4 4. Nxe5 O-O 5. Be2 Re8 6. Nd3 Bxc3 7. dxc3 Nxe4
8. O-O (8. Nf4 d6 9. O-O Nd7 10. c4 a5 11. f3 Nec5 12. b3 Qf6 13. Rb1 c6 14.
Nh5 Qg6 15. Ng3 $14 {Shirov,A-Yusupov,A/GER/1995/}) 8... d5 9. Nf4 c6 10. c4 (
10. Be3 Nd6 $10) 10... d4 11. Bf3 (11. Re1 Na6 $10) 11... Ng5 (11... Na6 $2 12.
c3 $16) 12. Bg4 Ne6 (12... Na6 $5 13. Bxc8 Rxc8 $10) 13. Re1 Na6 (13... Nxf4
14. Rxe8+ (14. Bxc8 $2 Rxe1+ 15. Qxe1 Nxg2 $17) 14... Qxe8 15. Bxc8 Ne2+ 16.
Kh1 Qxc8 17. Qxe2 $14) 14. Bxe6 Bxe6 15. Nxe6 Rxe6 16. Rxe6 fxe6 17. Bd2 Qf6
18. Qe2 Qf5 19. c3 d3 20. Qe3 Nc5 21. Re1 Rd8 22. f3 b6 23. b3 (23. b4 Na4 24.
Qxe6+ Qxe6 25. Rxe6 Kf7 $5 (25... Nxc3 26. Bxc3 d2 27. Bxd2 Rxd2 28. Rxc6 Rxa2
29. b5 $16) 26. Re4 (26. Rxc6 $2 Re8 27. Rd6 Nb2 $44) 26... Nxc3 27. Bxc3 d2
28. Bxd2 Rxd2 29. a4 Ra2 $10) 23... h6 24. Kf1 Rd6 $14 25. Qf4 Rd7 (25... Qxf4
26. Bxf4 Rd7 27. Bd2 $14) 26. Qe5 (26. Qxf5 $5 exf5 27. Re5 f4 28. Ke1 g5 29.
h4 gxh4 $132) 26... Qxe5 27. Rxe5 Kf7 28. Ke1 Kf6 29. Re3 e5 30. Bc1 e4 $1 31.
Kd2 $6 (31. fxe4 $2 Ke5 $40) (31. Ba3 $5 d2+ (31... exf3 $6 32. Rxf3+ Ke5 33.
Bxc5 bxc5 (33... d2+ 34. Kd1 bxc5 35. Rf2 Ke4 36. Rxd2 $16) 34. Kd2 $16) 32.
Kd1 Nd3 33. Kxd2 $8 (33. Re2 $4 e3 $19) 33... Nf4+ 34. Kc2 Nxg2 35. Rxe4 g5 $14
) 31... exf3 32. gxf3 (32. Rxf3+ $2 Ke5) 32... Kf5 33. b4 Nb7 (33... Ne6 34.
Rxd3 Rxd3+ 35. Kxd3 g5 $14) 34. Rxd3 Nd6 35. Kc2 Ke6 36. Rd4 c5 37. bxc5 bxc5
38. Rg4 (38. Rd5 $5 Nxc4 (38... Rc7 39. Kd3 $16 Rd7) 39. Rxc5 Ne5 40. f4 Nf3 (
40... Nd3 41. Ra5) 41. h3 $16) 38... Rf7 39. Rg6+ Kd7 40. Be3 Rxf3 41. Bxc5 $2
(41. Rxg7+ $5 Kc6 42. Bxh6 Rf2+ (42... Nxc4 43. h4 $16) 43. Kb3 Rxh2 44. Bf4
$16) 41... Nxc4 42. Bxa7 Na3+ $1 43. Kb3 Nb5 44. Rxg7+ Kc6 45. Bb8 Rxc3+ 46.
Kb4 Rc2 47. Rg6+ Kb7 48. Bg3 Nd4 49. Rg4 (49. a4 Nc6+ 50. Kb3 Nd4+ $10) 49...
Nf3 50. Kb3 Rg2 51. Rg7+ Ka8 52. Rg8+ 1/2-1/2